000 00455 a2200157 4500
999 _c8375
_d8375
020 _a9780323172967
050 _aRM 301.12 SKI 2013
100 _aSkidmore-Roth, Linda
_eauthor
245 _aMosby's 2015 nursing drug reference /
_cLinda Skidmore-Roth
250 _a10th ed.
264 _aU.S.A. :
_bElsevier Mosby,
_c2013
300 _a1260p.:
_bill.
500 _aIncludes index
650 _aDictionary
_xnursing
942 _2lcc
_cBK
_e10th
_h301.12
_iSKI
_kRM